01053nam a2200325 i 450000100060000000300090000600500170001500800390003201500170007102000150008803500210010304000280012404100080015208000070016008000090016724501230017625000140029926000480031330000280036138000160038965800230040565500170042865000130044570000360045870000510049485600980054594200120064399900170065595200550067221138KOSZ 00520200518134220.0991116s1982 pl a e |000 0 pol aPB 1982/7257 a830100200X a(OCoLC)830293614 aWA NcWA NdKOSZ 005/HR0 apol a61 a(03)00aMała encyklopedia medycyny.nT. 1,pA-O /caut. Stanisław Bogusławski [et al. ; red. nacz. Tadeusz Rożniatowski]. a[Wyd. 2]. aWarszawa :bPańst. Wydaw. Naukowe,c1982. a869 s. :bil. ;c21 cm. aKsiążki aMedycyna i zdrowie 4aEncyklopedia 4aMedycyna1 aBogusławski, StanisławeAutor1 aRożniatowski, Tadeuszd(1915-1987)eRedakcja uhttp://koha.tu.koszalin.pl/cgi-bin/koha/opac-detail.pl?biblionumber=21138yKatalog online BPK 2UKDcKS c21138d21138 00104071aBPKbBPKcco29673p02186559t61 MyKS